MARC

LEADER 00000nas a2200000 a 4500
001 ssj0026483
003 WaSeSS
005 20200512172242.0
006 m d
007 cr n
008 050614c19559999mtuqr p s 0 a0eng c
010 |a  2008234452 
016 7 |a 991074289  |2 DE-101 
016 7 |a 2462370-2  |2 DE-600 
022 |a 2328-4293  |y 0026-9891 
035 |a (WaSeSS)ssj0026483 
040 |a OCLCS  |b eng  |c OCLCS  |d EYM  |d HUL  |d OCLCQ  |d GWDNB  |d GBVCP  |d OCLCO  |d OCLCQ  |d DLC  |d OCLCF  |d OCLCA  |d OCLCO  |d OCLCQ  |d DEBBG  |d GILDS  |d OCLCO  |d OCLCA  |d NTG  |d OCL  |d SFB  |d WaSeSS 
042 |a pcc  |a nsdp 
043 |a n-us-mt 
050 4 |a F726  |b .M74 
082 0 0 |a 978.6005  |2 23 
210 0 |a Montana  |b (Helena Mont., Online) 
222 0 |a Montana  |b (Helena, Mont. Online) 
245 0 0 |a Montana  |h [electronic resource] :  |b the magazine of western history. 
260 |a Helena, Mont. :  |b Historical Society of Montana,  |c 1955- 
310 |a Quarterly 
362 1 |a Began with spring 1955 issue. 
506 |a License restrictions may limit access. 
515 |a Issue for spring 1955 unnumbered but constitutes v. 5 no. 2. 
550 |a Vols. for 1955-summer 1963 published by the Historical Society of Montana; autumn 1963- by the Montana Historical Society. 
555 |a Vols. 1 (1951)-10 (1960). 1 v. (Includes index to earlier title). 
588 |a Description based on [vol. 5, no. 2] (spring 1955); title from cover (JSTOR, viewed Oct. 31, 2008). 
588 |a Latest issue consulted: Vol. 59, no. 4 (winter 2009) (viewed Apr. 18, 2013). 
650 0 |a Frontier and pioneer life  |z Montana  |v Periodicals. 
650 0 |a Frontier and pioneer life  |z West (U.S.)  |v Periodicals. 
650 0 |a Indians of North America  |z West (U.S.)  |x History  |v Periodicals. 
650 7 |a Frontier and pioneer life.  |2 fast  |0 (OCoLC)fst00935370 
650 7 |a Indians of North America.  |2 fast  |0 (OCoLC)fst00969633 
651 0 |a Montana  |x History  |v Periodicals. 
651 0 |a West (U.S.)  |x History  |v Periodicals. 
651 7 |a Montana.  |2 fast  |0 (OCoLC)fst01207555 
651 7 |a West United States.  |2 fast  |0 (OCoLC)fst01243255 
655 0 |a Electronic journals. 
710 2 |a Historical Society of Montana. 
710 2 |a Montana Historical Society. 
776 0 8 |i Print version:  |t Montana  |x 0026-9891  |w (DLC) 52062319  |w (OCoLC)2438980 
780 0 0 |t Montana magazine of history  |x 2328-4307  |w (DLC) 2008234453  |w (OCoLC)266064858 
856 4 0 |z Full text available from Research Library: 04/01/1999 to 1 year ago  |u https://search.proquest.com/publication/25074